• 首页
  • 本馆介绍
  • 公告通知
  • 最新文献
  • 馆藏检索
  • 电子资源
  • 读者导购
  • 参考咨询
  • 我的图书馆
  • 登录
  • 详细信息显示
  • 放入我的书架
  • 预约/预借图书
  • 作者相关作品
  • 分类相关作品
  • 丛书相关作品
  • 出版社相关作品

书目信息

  • 表格格式
  • 工作单格式
  • 卡片格式
题名:
有机化工生产技术
    
 
作者: 王焕梅 主编
分册:  
出版信息: 北京   高等教育出版社  2013
页数: 293页
开本: 26cm
丛书名:
单 册:
中图分类: TQ207
科图分类:
主题词: 有机化工--化工产品--生产工艺--高等职业教育--教材 , 有机化工 , 化工产品
电子资源:
ISBN: 978-7-04-037812-2
000 01103nam0 2200277 450
001 012015000651
005 20150911084858.71
010    @a978-7-04-037812-2@dCNY29.90
100    @a20140429d2013 em y0chiy50 ea
101 0  @achi
102    @aCN@b110000
105    @ay z 000yy
106    @ar
200 1  @a有机化工生产技术@Ayou ji hua gong sheng chan ji shu@f王焕梅主编
205    @a2版
210    @a北京@c高等教育出版社@d2013
215    @a293页@d26cm
300    @a普通高等教育“十一五”国家级规划教材修订版 高等职业教育化学化工类规划教材
330    @a本书分两个模块共10章,第一个模块(1-5章)主要阐述七大基本有机原料——乙烯、丙烯、丁二烯、苯、甲苯、二甲苯、甲醇的生产技术;第二个模块(6-10章)讲解七大基本有机原料的衍生产品的生产技术。每种产品的生产技术包括产品性质和用途的介绍、生产方法的发展、生产原理的分析、工艺条件的选择及工艺流程的安排等。
606 0  @a有机化工@x化工产品@x生产工艺@x高等职业教育@j教材
606 0  @a有机化工
606 0  @a化工产品
690    @aTQ207@v5
701  0 @a王焕梅@Awang huan mei@4主编
801  0 @aCN@b碧洲教育@c20150718
905    @a10447@f4@dTQ207@e31=2
    
    有机化工生产技术/王焕梅主编.-2版.-北京:高等教育出版社,2013
    293页;26cm
    普通高等教育“十一五”国家级规划教材修订版 高等职业教育化学化工类规划教材
    
    ISBN 978-7-04-037812-2:CNY29.90
    本书分两个模块共10章,第一个模块(1-5章)主要阐述七大基本有机原料——乙烯、丙烯、丁二烯、苯、甲苯、二甲苯、甲醇的生产技术;第二个模块(6-10章)讲解七大基本有机原料的衍生产品的生产技术。每种产品的生产技术包括产品性质和用途的介绍、生产方法的发展、生产原理的分析、工艺条件的选择及工艺流程的安排等。
●
相关链接 在E读中查询图书 在五车中查询图书 在当当中查询图书 在豆瓣中查询图书


正题名:有机化工生产技术     索取号:TQ207/31=2         预约/预借

序号 登录号 条形码 馆藏地/架位号 状态 备注
1 0848564   208485646   第二样本阅览室/ [索取号:TQ207/31=2] 在馆    
2 0848565   208485655   第三借阅区/ [索取号:TQ207/31=2] 在馆    
3 0848566   208485664   第三借阅区/ [索取号:TQ207/31=2] 在馆    
4 0848567   208485673   密集书库-化学系/ [索取号:TQ207/31=2] 在馆    
欢迎您!
大连网信软件有限公司© 版权所有